MyGZULibrary

Qualitative research in business & management / (Record no. 2877)

MARC details
000 -LEADER
fixed length control field 01720cam a22004817a 4500
001 - CONTROL NUMBER
control field 17425286
003 - CONTROL NUMBER IDENTIFIER
control field GZU
005 - DATE AND TIME OF LATEST TRANSACTION
control field 20201111094319.0
008 - FIXED-LENGTH DATA ELEMENTS--GENERAL INFORMATION
fixed length control field 120810s2013 enka b 001 0 eng d
010 ## - LIBRARY OF CONGRESS CONTROL NUMBER
LC control number 2012946762
015 ## - NATIONAL BIBLIOGRAPHY NUMBER
National bibliography number GBB2C2514
Source bnb
016 7# - NATIONAL BIBLIOGRAPHIC AGENCY CONTROL NUMBER
Record control number 016225241
Source Uk
020 ## - INTERNATIONAL STANDARD BOOK NUMBER
International Standard Book Number 9780857029737 (hbk.)
020 ## - INTERNATIONAL STANDARD BOOK NUMBER
International Standard Book Number 0857029738 (hbk.)
020 ## - INTERNATIONAL STANDARD BOOK NUMBER
International Standard Book Number 0857029746 (pbk.)
020 ## - INTERNATIONAL STANDARD BOOK NUMBER
International Standard Book Number 9780857029744 (pbk.)
035 ## - SYSTEM CONTROL NUMBER
System control number (OCoLC)ocn820779892
040 ## - CATALOGING SOURCE
Original cataloging agency UKMGB
Language of cataloging eng
Transcribing agency UKMGB
Modifying agency OCLCO
-- YDXCP
-- BWK
-- YNK
-- CDX
-- BWX
-- UAB
-- OCLCF
-- OCLCQ
-- CHVBK
-- DLC
042 ## - AUTHENTICATION CODE
Authentication code lccopycat
050 00 - LIBRARY OF CONGRESS CALL NUMBER
Classification number HD 30.4
Item number .MYE 2013
082 04 - DEWEY DECIMAL CLASSIFICATION NUMBER
Classification number 650.072
Edition number 23
100 1# - MAIN ENTRY--PERSONAL NAME
Personal name Myers, Michael D.
Fuller form of name (Michael David),
Dates associated with a name 1954-
245 10 - TITLE STATEMENT
Title Qualitative research in business & management /
Statement of responsibility, etc. Michael D. Myers.
246 3# - VARYING FORM OF TITLE
Title proper/short title Qualitative research in business and management
250 ## - EDITION STATEMENT
Edition statement 2nd ed.
260 ## - PUBLICATION, DISTRIBUTION, ETC.
Place of publication, distribution, etc. London :
Name of publisher, distributor, etc. SAGE,
Date of publication, distribution, etc. 2013.
300 ## - PHYSICAL DESCRIPTION
Extent xii, 277 pages :
Other physical details illustrations ;
Dimensions 25 cm
336 ## - CONTENT TYPE
Content type term text
Content type code txt
Source rdacontent
337 ## - MEDIA TYPE
Media type term unmediated
Media type code n
Source rdamedia
338 ## - CARRIER TYPE
Carrier type term volume
Carrier type code nc
Source rdacarrier
500 ## - GENERAL NOTE
General note Previous edition: 2009.
504 ## - BIBLIOGRAPHY, ETC. NOTE
Bibliography, etc. note Includes bibliographical references (pages 256-269) and index.
650 #0 - SUBJECT ADDED ENTRY--TOPICAL TERM
Topical term or geographic name entry element Management
General subdivision Research.
650 #7 - SUBJECT ADDED ENTRY--TOPICAL TERM
Topical term or geographic name entry element Management
General subdivision Research.
Source of heading or term fast
Authority record control number or standard number (OCoLC)fst01007221
650 #7 - SUBJECT ADDED ENTRY--TOPICAL TERM
Topical term or geographic name entry element Management.
Source of heading or term gnd
Authority record control number or standard number (DE-588)4037278-9
650 #7 - SUBJECT ADDED ENTRY--TOPICAL TERM
Topical term or geographic name entry element Forschung.
Source of heading or term gnd
Authority record control number or standard number (DE-588)4017894-8
650 #7 - SUBJECT ADDED ENTRY--TOPICAL TERM
Topical term or geographic name entry element Qualitative Methode.
Source of heading or term gnd
Authority record control number or standard number (DE-588)4137346-7
906 ## - LOCAL DATA ELEMENT F, LDF (RLIN)
a 7
b cbc
c copycat
d 2
e ncip
f 20
g y-gencatlg
942 ## - ADDED ENTRY ELEMENTS (KOHA)
Source of classification or shelving scheme Library of Congress Classification
Koha item type Books
Edition 2nd ed.
Classification part 30.4
Item part MYE
Call number prefix HD
Holdings
Withdrawn status Lost status Damaged status Not for loan Collection code Home library Current library Shelving location Date acquired Total Checkouts Full call number Barcode Date last seen Copy number Price effective from Koha item type
        Non-fiction City Campus Library City Campus Library General Stacks 11/11/2020   HD 30.4 MYE 2013 030892 11/11/2020 c.1 11/11/2020 Books